Dynamická optimalizácia (optimal control theory)
Optimalizačný prístup v ekonomických vedách ako dôležitý prvok každej ekonomickej teórie. Statická optimalizácia a optimalizácia pre dve časové obdobia. Dynamická optimalizácia s diskrétnym časom. Dynamická optimalizácia so spojitým časom.
Gespeichert in:
| 1. Verfasser: | |
|---|---|
| Format: | Buchkapitel |
| Sprache: | Slowakisch |
| Schlagworte: | |
| Tags: |
Keine Tags, Fügen Sie das erste Tag hinzu!
|
MARC
| LEADER | 00000naa$a2200000$$$4500 | ||
|---|---|---|---|
| 001 | 0037614 | ||
| 005 | 20240502071456.2 | ||
| 041 | 0 | |a slo | |
| 044 | |a SK | ||
| 245 | 1 | 0 | |a Dynamická optimalizácia (optimal control theory) |c Martin Lukáčik |
| 520 | |a Optimalizačný prístup v ekonomických vedách ako dôležitý prvok každej ekonomickej teórie. Statická optimalizácia a optimalizácia pre dve časové obdobia. Dynamická optimalizácia s diskrétnym časom. Dynamická optimalizácia so spojitým časom. | ||
| 610 | 2 | 0 | |a optimalizácia |
| 610 | 2 | 0 | |a veda ekonomická |
| 610 | 2 | 0 | |a modely matematické |
| 610 | 2 | 0 | |a domácnosti |
| 610 | 2 | 0 | |a spotrebitelia |
| 610 | 2 | 0 | |a trh |
| 610 | 2 | 0 | |a správanie spotrebiteľa |
| 610 | 2 | 0 | |a teória regulovania |
| 100 | 1 | |a Lukáčik, Martin, 1974- | |